Ethnic Groups of Former Yugoslavia - Statistics

General Stats
  • This quiz has been taken 138 times
  • The average score is 16 of 101
Answer Stats
Country Population Group % Correct
Serbia 5,630,239 Serbs
97%
Serbia 184,442 Hungarians
67%
Serbia 153,801 Bosniaks
55%
Serbia 131,936 Roma
50%
Serbia 61,687 Albanians
41%
Croatia 3,547,614 Croats
41%
Croatia 123,892 Serbs
41%
Kosovo 1,454,963 Albanians
39%
Bosnia and Herzegovina 544,780 Croats
39%
Bosnia and Herzegovina 1,086,733 Serbs
39%
Croatia 24,131 Bosniaks
38%
Bosnia and Herzegovina 1,769,592 Bosniaks
38%
Kosovo ~95,000 Serbs
38%
North Macedonia 446,245 Albanians
36%
North Macedonia 1,073,299 Macedonians
36%
Montenegro 205,370 Serbs
33%
Slovenia 1,631,363 Slovenes
33%
Montenegro 256,436 Montenegrins
31%
Croatia 17,980 Roma
30%
Serbia 39,107 Croats
28%
Slovenia 38,964 Serbs
27%
Montenegro 58,956 Bosniaks
25%
Serbia 41,730 Slovaks
25%
Montenegro 30,978 Albanians
23%
Slovenia 35,642 Croats
23%
Croatia 13,817 Albanians
22%
Croatia 13,763 Italians
20%
North Macedonia 70,961 Turks
20%
Slovenia 21,542 Bosniaks
17%
Kosovo 26,841 Bosniaks
17%
North Macedonia 46,433 Roma
17%
Serbia 23,044 Romanians
17%
Croatia 10,315 Hungarians
16%
Serbia 14,767 Macedonians
16%
Serbia 20,238 Montenegrins
16%
Bosnia and Herzegovina 12,583 Roma
16%
Croatia 7,729 Slovenes
16%
Serbia 21,013 Vlachs
16%
Croatia 7,862 Czechs
14%
North Macedonia 23,847 Serbs
14%
North Macedonia 8,714 Aromanians
13%
North Macedonia 16,042 Bosniaks
13%
Serbia 12,918 Bulgarians
13%
Serbia 13,011 Muslims
13%
Montenegro 5,629 Roma
13%
Serbia 27,143 Yugoslavs
13%
Serbia 1,317 Czechs
11%
Serbia 7,700 Gorani
11%
Slovenia 2,258 Italians
11%
Slovenia 3,246 Roma
11%
Kosovo 8,730 Roma
11%
Croatia 3,688 Slovaks
11%
Bosnia and Herzegovina 2,659 Albanians
9%
Serbia 11,104 Bunjevci
9%
Serbia 2,573 Germans
9%
Croatia 3,555 Macedonians
9%
Croatia 3,127 Montenegrins
9%
Bosnia and Herzegovina 1,883 Montenegrins
9%
Serbia 10,486 Russians
9%
Serbia 11,483 Rusyns
9%
Serbia 2,829 Slovenes
9%
Kosovo 19,419 Turks
9%
Serbia 3,969 Ukrainians
9%
Serbia 1,307 Ashkali
8%
Montenegro 5,150 Croats
8%
Serbia 1,484 Egyptians
8%
Slovenia 6,243 Hungarians
8%
Croatia 3,902 Muslims
8%
Slovenia 6,186 Albanians
6%
Serbia 1,470 Chinese
6%
Kosovo 10,581 Egyptians
6%
Slovenia 3,972 Macedonians
6%
Slovenia 2,667 Montenegrins
6%
Kosovo 16,270 Ashkali
5%
North Macedonia 2,145 Croats
5%
Croatia 3,034 Germans
5%
Montenegro 1,816 Turks
5%
Bosnia and Herzegovina 2,331 Ukrainians
5%
Bosnia and Herzegovina 2,570 Yugoslavs
5%
North Macedonia 3,504 Bulgarians
3%
Kosovo 9,140 Gorani
3%
North Macedonia 1,023 Montenegrins
3%
Bosnia and Herzegovina 12,121 Muslims
3%
Montenegro 10,162 Muslims
3%
Montenegro 12,824 Russians
3%
Bosnia and Herzegovina 1,108 Turks
3%
Croatia 1,905 Ukrainians
3%
Montenegro 3,087 Ukrainians
3%
Montenegro 1,632 Yugoslavs
3%
Bosnia and Herzegovina 11,406 Bosnian and Herzegovinians
2%
Bosnia and Herzegovina 37,110 Bosnians
2%
Montenegro 1,655 Egyptians
2%
Slovenia 10,647 Muslims
2%
North Macedonia 1,187 Muslims
2%
Croatia 1,481 Russians
2%
Croatia 1,343 Rusyns
2%
North Macedonia 2,406 Ashkali
0%
Slovenia 8,062 Bosnians
0%
Montenegro 1,268 Montenegrins-Serbs
0%
Montenegro 1,701 Serbs-Montenegrins
0%
North Macedonia 4,174 Torbesi
0%
No matching quizzes found
Score Distribution
Percent of People with Each Score
Percentile by Number Answered
Your Score History
You have not taken this quiz